000 00209nam a22000857a 4500
008 170624b xxu||||| |||| 00| 0 eng d
100 _93661
_aAmaral. M
245 _aButterfly Readers 2
260 _aMumbai
_bJ. B
_c2008
999 _c7076
_d7076